The noble scholar, jurist, historian


 His Excellency Dr. Abdul Wahhab bin Ibrahim Abu Sulaiman, may Allah have mercy on him.


 He was born in Umm Al-Qura in the year 1356 AH.

علم زوائد الحديث / (Record no. 12639)

MARC details
000 -LEADER
fixed length control field 02421cam a2200337 i 4500
003 - CONTROL NUMBER IDENTIFIER
control field SA-RiAUC
005 - DATE AND TIME OF LATEST TRANSACTION
control field 20251020071719.0
008 - FIXED-LENGTH DATA ELEMENTS--GENERAL INFORMATION
fixed length control field 251003s1992 sy g b 00000 ara c
024 0# - OTHER STANDARD IDENTIFIER
Standard number or code 00000000978753
040 ## - CATALOGING SOURCE
Original cataloging agency SA-RiAUC
Language of cataloging ara
Transcribing agency SA-RiAUC
Modifying agency AE-DuMBRL
Description conventions rda
050 #4 - LIBRARY OF CONGRESS CALL NUMBER
Item number .A33 1992
082 04 - DEWEY DECIMAL CLASSIFICATION NUMBER
Classification number 230
Assigning agency SA-RiAUC
090 ## - LOCALLY ASSIGNED LC-TYPE CALL NUMBER (OCLC); LOCAL CALL NUMBER (RLIN)
Classification number (OCLC) (R) ; Classification number, CALL (RLIN) (NR) 230
Local cutter number (OCLC) ; Book number/undivided call number, CALL (RLIN) ا ح د
100 1# - MAIN ENTRY--PERSONAL NAME
Personal name الأحدب، خلدون محمد سليم
Relator term مؤلف.
245 10 - TITLE STATEMENT
Title علم زوائد الحديث /
Statement of responsibility, etc. الدكتور خلدون الأحدب.
250 ## - EDITION STATEMENT
Edition statement الطبعة الأولى.
264 #1 - PRODUCTION, PUBLICATION, DISTRIBUTION, MANUFACTURE, AND COPYRIGHT NOTICE
Place of production, publication, distribution, manufacture دمشق ؛
-- بيروت :
Name of producer, publisher, distributor, manufacturer دار القلم،
Date of production, publication, distribution, manufacture, or copyright notice 1992.
264 #2 - PRODUCTION, PUBLICATION, DISTRIBUTION, MANUFACTURE, AND COPYRIGHT NOTICE
Place of production, publication, distribution, manufacture بيروت :
-- جدة، السعودية :
Name of producer, publisher, distributor, manufacturer الدار الشامية ؛
-- دار البشير
300 ## - PHYSICAL DESCRIPTION
Extent 94 صفحة ؛
Dimensions 24 × 17 سم
336 ## - CONTENT TYPE
Content type term نص
Content type code txt
Source rdacontent
Materials specified كتاب
337 ## - MEDIA TYPE
Media type term بدون وسيط
Media type code n
Source rdamedia
338 ## - CARRIER TYPE
Carrier type term مجلد
Carrier type code nc
Source rdacarrier
504 ## - BIBLIOGRAPHY, ETC. NOTE
Bibliography, etc. note ببليوجرافية : صفحة 81-90.
520 ## - SUMMARY, ETC.
Summary, etc. يتناول كتاب (علم زوائد الحديث) والذي قام بتأليفه د. خلدون الأحدب، موضوع (زوائد الحديث) هذا الكتاب لبنة متواضعة في التأصيل للفكر المنهجي عند المحدثين في جانب منه، وهو علم الزوائد، وقد استعرض مؤلفه علم الزوائد بالتفصيل والغاية منه وثمرته، وبيان مراتب الأحاديث الزوائد رواية واستدلالا. وعرض نشأة العلم وتاريخه، ثم عرض قواعد علم الزوائد فذكر القواعد الثلاث التي اتفق عليها الأئمة، ثم اضاف إليها 8 قواعد جديدة كان قد وضعها المؤلف في كتابه السابق، زوائد تاريخ بغداد على الكتب الستة. وهذه القواعد المزادة متفقة من القواعد الثلاث الأصلية، وهي ضوابط لها وتتفق مع مجموع تطبيقات الأئمة الذين صنفوا في زوائد الحديث.
650 #7 - SUBJECT ADDED ENTRY--TOPICAL TERM
Topical term or geographic name entry element علم الحديث
Source of heading or term aucsh
650 #7 - SUBJECT ADDED ENTRY--TOPICAL TERM
Topical term or geographic name entry element الحديث
General subdivision أحكام
Source of heading or term aucsh
650 #7 - SUBJECT ADDED ENTRY--TOPICAL TERM
Topical term or geographic name entry element الحديث
General subdivision رواية
Source of heading or term aucsh
942 ## - ADDED ENTRY ELEMENTS (KOHA)
Source of classification or shelving scheme Dewey Decimal Classification
Koha item type Books
Suppress in OPAC No
949 ## - LOCAL PROCESSING INFORMATION (OCLC)
a SA-JeALM
d 251003
u mohamedma123
n 1
Holdings
Withdrawn status Lost status Source of classification or shelving scheme Damaged status Not for loan Home library Current library Date acquired Total checkouts Full call number Barcode Date last seen Price effective from Koha item type
    Dewey Decimal Classification     DR AbdElwahab Library DR AbdElwahab Library 10/20/2025   230 ا ح د 000020385 10/20/2025 10/20/2025 Books